|
|
|
|
| LEADER |
01052nam a2200265 a 4500 |
| 001 |
11987650 |
| 008 |
091028s2000 ii b 001 0 eng d |
| 010 |
|
|
|a 00033272
|
| 020 |
|
|
|a 0761994378 (US-Hb)
|
| 020 |
|
|
|a 0761994653 (US-Pb)
|
| 020 |
|
|
|a 8170369290 (India-Hb)
|
| 020 |
|
|
|a 817036938X (India-Pb)
|
| 040 |
|
|
|a DLC
|c DLC
|d DLC
|
| 082 |
0 |
0 |
|a 335
|2 21
|
| 100 |
1 |
|
|a Mukherjee, Subrata,
|d 1944-
|
| 245 |
1 |
2 |
|a A history of socialist thought :
|b from the precursors to the present /
|c Subrata Mukherjee, Sushila Ramaswamy.
|
| 260 |
|
|
|a New Delhi
|a Thousand Oaks, Calif. :
|b Sage Publications ,
|c 2000.
|
| 300 |
|
|
|a 464 p. ;
|c 22 cm.
|
| 504 |
|
|
|a Includes bibliographical references (p. [442]-450) and index.
|
| 541 |
1 |
|
|e 00014376
|
| 650 |
|
0 |
|a Socialism
|x Philosophy
|x History.
|
| 700 |
1 |
|
|a Ramaswamy, Sushila.
|
| 852 |
4 |
|
|a Ayesha Abed Library
|j General Shelf.
|
| 999 |
|
|
|c 4898
|d 4898
|
| 952 |
|
|
|0 0
|1 0
|2 ddc
|4 0
|6 335_MUK_200000000000000
|7 0
|9 4723
|a BRACUL
|b BRACUL
|c GEN
|d 2009-10-28
|g 503.00
|l 6
|m 47
|o 335 MUK
|p 3010014376
|r 2026-03-01
|s 2026-02-23
|t 1
|w 2009-10-28
|y BK
|